000 00615nam a2200229Ia 4500
008 160901s9999 xx 000 0 und d
020 _a0-13-127388-4
050 _aComSc QA 76.9
050 _b.D3H64 2005
100 _aHoffer, Jeffrey A.
245 _aModern database management /
245 _cJeffrey A. Hoffer, Mary B. Prescott, Fred R. McFadden.
250 _a7th Edition
260 _aNew Jersey :
260 _bPearson Education Inc.,
260 _c2005
300 _a700 pages :
300 _bcol. ill. ;
300 _c28 cm.
500 _aIncludes index.
650 _aDatabase management.
999 _c300916
_d300916